[Event "COL-chT"]
[Site "Medelin"]
[Date "2011.11.05"]
[Round "6.3"]
[White "Vasquez Garrido, Nuremberg Adin"]
[Black "Sanchez Maya, Simon"]
[Result "0-1"]
[WhiteElo "1838"]
[BlackElo "2205"]
[PlyCount "50"]
[EventDate "2011.11.02"]
[EventType "team-swiss"]
[EventRounds "6"]
[EventCountry "COL"]
[SourceTitle "EXT 2012"]
[Source "ChessBase"]
[SourceDate "2011.11.24"]
[SourceVersion "1"]
[SourceVersionDate "2011.11.24"]
[SourceQuality "1"]
[WhiteTeam "Liga De Cesar"]
[BlackTeam "Titanes De Antiquia"]
[WhiteTeamCountry "COL"]
[BlackTeamCountry "COL"]

1. e4 c5 2. d4 cxd4 3. c3 dxc3 4. Nxc3 Nc6 5. Nf3 e6 6. Bc4 Qc7 7. 0-0 Nf6 8. Qe2 Ng4 9. Rd1 Bc5 10. Nd5 exd5 11. exd5+ Ne7 12. d6 Bxd6 13. Bxf7+ Kxf7 14. Ng5+ Ke8 15. Qxg4 Bxh2+ 16. Kh1 Be5 17. Be3 d5 18. Qb4 Qc4 19. Qa3 Qh4+ 20. Kg1 Qh2+ 21. Kf1 Qh1+ 22. Ke2 Bg4+ 23. Kd2 Bxd1 24. Rxd1 Qxg2 25. Ne6 Qg4 0-1

[Event "COL-ch sf "]
[Site "Medellin"]
[Date "2010.06.11"]
[Round "9"]
[White "Herrera, Juan Sebastian"]
[Black "Sanchez Maya, Simon"]
[Result "1-0"]
[WhiteElo "2122"]
[BlackElo "2189"]
[PlyCount "87"]
[EventDate "2010.06.05"]
[EventType "swiss"]
[EventRounds "11"]
[EventCountry "COL"]
[SourceTitle "CBM 136 Extra"]
[Source "ChessBase"]
[SourceDate "2010.07.02"]
[SourceVersion "2"]
[SourceVersionDate "2010.07.15"]
[SourceQuality "1"]

1. e4 c5 2. Nf3 Nc6 3. Bb5 d6 4. Nc3 Bd7 5. 0-0 e6 6. a4 Qc7 7. d4 cxd4 8. Nxd4 Nf6 9. Nb3 a6 10. Be2 Nb4 11. f4 Bc6 12. Bf3 d5 13. e5 Ne4 14. Kh1 Be7 15. Qe2 0-0 16. Be3 Rae8 17. Nd4 Kh8 18. Bxe4 dxe4 19. Nxc6 Qxc6 20. Bd4 Rd8 21. Rad1 Rd7 22. Rd2 Rfd8 23. Rfd1 h6 24. h3 Kg8 25. Kh2 Kf8 26. b3 Rc8 27. Nxe4 Nd5 28. Qf3 b5 29. axb5 axb5 30. c3 Rdd8 31. b4 Qc4 32. f5 exf5 33. Qxf5 Kg8 34. e6 fxe6 35. Qxe6+ Kh7 36. Bxg7 Rc6 37. Qf5+ Kxg7 38. Rxd5 Re8 39. Qe5+ Kg8 40. Kh1 Rg6 41. Nd6 Qa2 42. R5d2 Rxd6 43. Qxd6 Bxd6 44. Rxa2 1-0

[Event "COL-ch sf "]
[Site "Medellin"]
[Date "2010.06.09"]
[Round "7"]
[White "Mateus, Alejandro"]
[Black "Sanchez Maya, Simon"]
[Result "0-1"]
[WhiteElo "2238"]
[BlackElo "2189"]
[PlyCount "64"]
[EventDate "2010.06.05"]
[EventType "swiss"]
[EventRounds "11"]
[EventCountry "COL"]
[SourceTitle "CBM 136 Extra"]
[Source "ChessBase"]
[SourceDate "2010.07.02"]
[SourceVersion "2"]
[SourceVersionDate "2010.07.15"]
[SourceQuality "1"]

1. e4 c5 2. Nf3 d6 3. d4 cxd4 4. Nxd4 Nf6 5. Nc3 a6 6. g3 e6 7. Bg2 Qc7 8. a4 Nc6 9. Nb3 Na5 10. Nxa5 Qxa5 11. Bf4 Qc7 12. Qe2 Nd7 13. 0-0 Ne5 14. Rfe1 Bd7 15. a5 Rc8 16. Be3 Nc4 17. Bd4 Nxa5 18. Nd5 Qc4 19. Qe3 Nc6 20. Bc3 Qc5 21. Qf4 exd5 22. exd5+ Ne5 23. Bxe5 dxe5 24. Rxe5+ Kd8 25. d6 Qxd6 26. Qe3 Rc5 27. Re4 Kc7 28. b4 Rd5 29. c4 Rd1+ 30. Rxd1 Qxd1+ 31. Bf1 Bh3 32. Qf4+ Bd6 0-1

[Event "COL-ch sf "]
[Site "Medellin"]
[Date "2010.06.08"]
[Round "6"]
[White "Sanchez Maya, Simon"]
[Black "Morales, Jhon Alexander"]
[Result "0-1"]
[WhiteElo "2189"]
[BlackElo "2275"]
[PlyCount "52"]
[EventDate "2010.06.05"]
[EventType "swiss"]
[EventRounds "11"]
[EventCountry "COL"]
[SourceTitle "CBM 136 Extra"]
[Source "ChessBase"]
[SourceDate "2010.07.02"]
[SourceVersion "2"]
[SourceVersionDate "2010.07.15"]
[SourceQuality "1"]

1. e4 e6 2. d4 d5 3. exd5 exd5 4. Bd3 c5 5. c3 Nf6 6. Nf3 Be7 7. dxc5 Bxc5 8. 0-0 0-0 9. h3 Nc6 10. Nbd2 Re8 11. Nb3 Bb6 12. Nbd4 Bc7 13. Bg5 Nxd4 14. Nxd4 Qd6 15. g3 Qb6 16. Nf5 Ne4 17. Bxe4 dxe4 18. Ne7+ Rxe7 19. Bxe7 Bxh3 20. Re1 Qe6 21. Bg5 Bg4 22. Qb3 Qc6 23. a4 h6 24. Be3 Bf3 25. Rad1 Qg6 26. Qb5 Bxg3 0-1

[Event "COL-ch sf "]
[Site "Medellin"]
[Date "2010.06.07"]
[Round "5"]
[White "Ruiz Aguilar, Pablo Alexander"]
[Black "Sanchez Maya, Simon"]
[Result "0-1"]
[WhiteElo "2271"]
[BlackElo "2189"]
[PlyCount "80"]
[EventDate "2010.06.05"]
[EventType "swiss"]
[EventRounds "11"]
[EventCountry "COL"]
[SourceTitle "CBM 136 Extra"]
[Source "ChessBase"]
[SourceDate "2010.07.02"]
[SourceVersion "2"]
[SourceVersionDate "2010.07.15"]
[SourceQuality "1"]

1. e4 c5 2. Nf3 d6 3. d4 cxd4 4. Nxd4 Nf6 5. Nc3 a6 6. Be2 e6 7. Be3 Be7 8. 0-0 0-0 9. f4 Qc7 10. Kh1 Nc6 11. Qe1 Nxd4 12. Bxd4 e5 13. fxe5 dxe5 14. Qg3 Bd6 15. Rxf6 exd4 16. Qxd6 Qxd6 17. Rxd6 dxc3 18. b3 b5 19. Kg1 g6 20. Rd3 Bb7 21. Rxc3 Bxe4 22. Re1 Rfd8 23. Kf2 Rd2 24. Ke3 Rxc2 25. Rxc2 Bxc2 26. Rc1 Re8+ 27. Kd2 Be4 28. g3 Bd5 29. Rc5 Rd8 30. Kc3 Rd6 31. Kb4 Be4 32. Re5 f5 33. a4 Rd2 34. Bf1 Rf2 35. Bh3 Rxh2 36. Bf1 Rf2 37. Bh3 bxa4 38. bxa4 Rf3 39. Bg4 fxg4 40. Rxe4 Rxg3 0-1

[Event "COL-ch sf "]
[Site "Medellin"]
[Date "2010.06.05"]
[Round "1"]
[White "Manotas, S Franklin"]
[Black "Sanchez Maya, Simon"]
[Result "0-1"]
[WhiteElo "2000"]
[BlackElo "2189"]
[PlyCount "52"]
[EventDate "2010.06.05"]
[EventType "swiss"]
[EventRounds "11"]
[EventCountry "COL"]
[SourceTitle "CBM 136 Extra"]
[Source "ChessBase"]
[SourceDate "2010.07.02"]
[SourceVersion "2"]
[SourceVersionDate "2010.07.15"]
[SourceQuality "1"]

1. e4 c5 2. Nc3 Nc6 3. Bc4 e6 4. f4 Nge7 5. Nf3 d5 6. exd5 exd5 7. Bb5 g6 8. Ne5 Bg7 9. 0-0 0-0 10. Bxc6 bxc6 11. b3 Re8 12. Na4 g5 13. Qh5 Ng6 14. Bb2 gxf4 15. Nxc6 Qc7 16. Bxg7 Kxg7 17. Qxd5 Bb7 18. Nxc5 Bxc6 19. Qd4+ Qe5 20. Qf2 Qg5 21. d4 Nh4 22. c4 Nxg2 23. d5 Ne3+ 24. Kh1 Nxd5 25. Ne4 Ne3 26. Qb2+ Kh6 0-1

[Event "Pan American-ch U20"]
[Site "Cali"]
[Date "2010.05.25"]
[Round "8"]
[White "Macias Murillo, Bryan"]
[Black "Sanchez Maya, Simon"]
[Result "1-0"]
[WhiteElo "2338"]
[BlackElo "2166"]
[PlyCount "75"]
[EventDate "2010.05.20"]
[EventType "swiss"]
[EventRounds "9"]
[EventCountry "COL"]
[SourceTitle "CBM 136 Extra"]
[Source "ChessBase"]
[SourceDate "2010.07.02"]
[SourceVersion "2"]
[SourceVersionDate "2010.07.15"]
[SourceQuality "1"]

1. Nf3 d5 2. c4 d4 3. g3 Nc6 4. Bg2 e5 5. d3 Nf6 6. 0-0 Be7 7. b4 Bxb4 8. Nxe5 Nxe5 9. Qa4+ Nc6 10. Bxc6+ bxc6 11. Qxb4 h5 12. Ba3 Nd7 13. Qa4 Qf6 14. Nd2 h4 15. Nf3 Qh6 16. Bc1 Qg6 17. Nxd4 Qh5 18. Bf4 hxg3 19. Bxg3 Rh6 20. Nf3 g5 21. Qa5 c5 22. Qxc7 f5 23. Rab1 f4 24. Bxf4 gxf4 25. Qxf4 Nf6 26. Qe5+ Kf7 27. Qc7+ Kg8 28. Kh1 Bg4 29. Rg1 Kh8 30. Rg2 Rg8 31. Rb8 Rhg6 32. Rxg8+ Nxg8 33. Qe5+ Rf6 34. Qg3 Nh6 35. Ne5 Rb6 36. h4 Re6 37. Nxg4 Nxg4 38. f3 1-0

[Event "Pan American-ch U20"]
[Site "Cali"]
[Date "2010.05.22"]
[Round "4"]
[White "Sanchez Maya, Simon"]
[Black "Giron Chavez, David Emanuel"]
[Result "0-1"]
[WhiteElo "2166"]
[BlackElo "1997"]
[PlyCount "70"]
[EventDate "2010.05.20"]
[EventType "swiss"]
[EventRounds "9"]
[EventCountry "COL"]
[SourceTitle "CBM 136 Extra"]
[Source "ChessBase"]
[SourceDate "2010.07.02"]
[SourceVersion "2"]
[SourceVersionDate "2010.07.15"]
[SourceQuality "1"]

1. e4 c5 2. d4 cxd4 3. c3 dxc3 4. Nxc3 e6 5. Nf3 Nc6 6. Bc4 a6 7. 0-0 Nge7 8. Bf4 Ng6 9. Bg3 Be7 10. Qe2 b5 11. Bb3 Bb7 12. Rfd1 Na5 13. Rd2 Nxb3 14. axb3 b4 15. Na4 0-0 16. Rad1 Bc6 17. Nd4 Bxa4 18. bxa4 Qa5 19. f4 Bc5 20. Kh1 d6 21. f5 Bxd4 22. Rxd4 exf5 23. Rd5 Qxa4 24. exf5 Rfe8 25. Qh5 Ne7 26. b3 Qa3 27. R5d4 Qa5 28. Rf1 Rac8 29. h3 g6 30. Rg4 Rc5 31. fxg6 Rxh5 32. gxf7+ Kf8 33. Bxd6 Rxh3+ 34. gxh3 Qd5+ 35. Rg2 Qxd6 0-1

[Event "Medellin op 04"]
[Site "Medellin"]
[Date "2010.04.25"]
[Round "6"]
[White "Vittorino, Carlo Giovanni"]
[Black "Sanchez Maya, Simon"]
[Result "1/2-1/2"]
[WhiteElo "2342"]
[BlackElo "2166"]
[PlyCount "86"]
[EventDate "2010.04.21"]
[EventType "swiss"]
[EventRounds "9"]
[EventCountry "COL"]
[SourceTitle "CBM 136 Extra"]
[Source "ChessBase"]
[SourceDate "2010.07.02"]
[SourceVersion "2"]
[SourceVersionDate "2010.07.15"]
[SourceQuality "1"]

1. Nf3 Nf6 2. g3 d5 3. Bg2 g6 4. d3 Bg7 5. 0-0 Nc6 6. Na3 0-0 7. c4 h6 8. cxd5 Nxd5 9. Nc4 e5 10. Bd2 Be6 11. Na5 Nxa5 12. Bxa5 f5 13. e4 Ne7 14. Bc3 Nc6 15. Nh4 f4 16. Nxg6 Rf7 17. Nh4 Qd7 18. Nf5 Kh8 19. Bh3 Ne7 20. g4 h5 21. g5 Nxf5 22. Qxh5+ Kg8 23. Bxf5 Bxf5 24. exf5 Qxf5 25. f3 Rd8 26. Rad1 Rfd7 27. Qg4 Qxg4+ 28. fxg4 Kf7 29. Rfe1 Ke6 30. Re4 Rxd3 31. Rde1 Rd1 32. h4 Rxe1+ 33. Rxe1 Rd3 34. Re2 b5 35. h5 f3 36. Rd2 e4 37. Rxd3 exd3 38. Bd2 Bxb2 39. Kf2 c5 40. Kxf3 c4 41. Ke4 c3 42. Bxc3 Bxc3 43. Kxd3 b4 1/2-1/2

[Event "Medellin op 04"]
[Site "Medellin"]
[Date "2010.04.24"]
[Round "4"]
[White "Reyes Rios, Juan Camilo"]
[Black "Sanchez Maya, Simon"]
[Result "1/2-1/2"]
[WhiteElo "1985"]
[BlackElo "2166"]
[PlyCount "94"]
[EventDate "2010.04.21"]
[EventType "swiss"]
[EventRounds "9"]
[EventCountry "COL"]
[SourceTitle "CBM 136 Extra"]
[Source "ChessBase"]
[SourceDate "2010.07.02"]
[SourceVersion "2"]
[SourceVersionDate "2010.07.15"]
[SourceQuality "1"]

1. e4 c5 2. Nf3 d6 3. d4 cxd4 4. Nxd4 Nf6 5. Nc3 a6 6. Be2 e6 7. 0-0 Qc7 8. f4 Nc6 9. Be3 Bd7 10. Kh1 b5 11. Bf3 Rc8 12. Nxc6 Bxc6 13. a3 Be7 14. Qe1 0-0 15. Qg3 Nd7 16. Ne2 Qb7 17. Nc3 Bf6 18. Bd2 Rfd8 19. Rae1 Nb6 20. Nd1 Qe7 21. Qh3 Nc4 22. Bc1 Ba8 23. c3 Qc7 24. Ne3 Nxe3 25. Bxe3 Qc4 26. Bb6 Rd7 27. Qg3 d5 28. e5 Be7 29. Bd1 Qc6 30. Bd4 Bc5 31. f5 Bxd4 32. cxd4 exf5 33. Rxf5 Qb6 34. Rg5 Qh6 35. Qf4 Re7 36. Bg4 Rce8 37. Rf1 Bb7 38. h3 g6 39. Bf5 Qg7 40. Rc1 f6 41. exf6 Qxf6 42. Qg4 Kg7 43. Qg3 Re3 44. Rc7+ R8e7 45. Qxe3 Rxc7 46. Bd3 Re7 47. Re5 Rxe5 1/2-1/2

[Event "COL-ch U20"]
[Site "Bogota"]
[Date "2010.04.17"]
[Round "5"]
[White "Arenas Vanegas, David"]
[Black "Sanchez Maya, Simon"]
[Result "1-0"]
[WhiteElo "2302"]
[BlackElo "2166"]
[PlyCount "129"]
[EventDate "2010.04.15"]
[EventType "swiss"]
[EventRounds "7"]
[EventCountry "COL"]
[SourceTitle "CBM 135 Extra"]
[Source "ChessBase"]
[SourceDate "2010.05.04"]
[SourceVersion "1"]
[SourceVersionDate "2010.05.04"]
[SourceQuality "1"]

1. e4 c5 2. Nf3 d6 3. d4 cxd4 4. Nxd4 Nf6 5. Nc3 a6 6. f4 e6 7. Qf3 Qc7 8. Bd3 b5 9. g4 Nc6 10. Nxc6 Qxc6 11. Be3 Bb7 12. g5 Nd7 13. 0-0-0 Nc5 14. Rhe1 Nxd3+ 15. Rxd3 Rc8 16. Qe2 a5 17. Nd5 b4 18. Nb6 Rc7 19. Rd2 Be7 20. Bd4 0-0 21. b3 e5 22. Bg1 Qc3 23. Kb1 exf4 24. h4 Qh3 25. Qh2 Qxh2 26. Bxh2 f3 27. Rf2 Rc3 28. Nd5 Bxd5 29. exd5 Rc7 30. Rxf3 Rfc8 31. Rfe3 Bf8 32. Re8 Rxc2 33. Bxd6 Rc1+ 34. Rxc1 Rxe8 35. Bc7 Re2 36. Rd1 Re7 37. Bxa5 Rd7 38. Rd4 f6 39. gxf6 gxf6 40. Bxb4 Bxb4 41. Rxb4 Rxd5 42. a4 Kf7 43. Rb7+ Ke6 44. Rxh7 f5 45. Rh8 f4 46. Re8+ Kf5 47. h5 Kg4 48. h6 Rh5 49. Rg8+ Kh3 50. Rf8 Kg3 51. a5 Rxh6 52. Kc2 f3 53. Kc3 f2 54. b4 Rh4 55. Rxf2 Kxf2 56. a6 Ke3 57. a7 Rh8 58. b5 Rc8+ 59. Kb4 Kd4 60. b6 Rc1 61. Kb5 Ra1 62. b7 Rxa7 63. b8Q Rd7 64. Kc6 Rf7 65. Qd6+ 1-0

[Event "Medellin IRT Deptal U20 Antioquia"]
[Site "Medellin"]
[Date "2010.02.12"]
[Round "3"]
[White "Diaz Arboleda, Daniel"]
[Black "Sanchez Maya, Simon"]
[Result "1-0"]
[WhiteElo "1986"]
[BlackElo "2179"]
[PlyCount "99"]
[EventDate "2010.02.11"]
[EventType "swiss"]
[EventRounds "7"]
[EventCountry "COL"]
[SourceTitle "EXT 2024"]
[Source "ChessBase"]
[SourceDate "2023.10.10"]
[SourceVersion "1"]
[SourceVersionDate "2023.10.10"]
[SourceQuality "1"]

1. d4 d5 2. Nf3 Nc6 3. c4 e5 4. cxd5 Qxd5 5. Nc3 Bb4 6. a3 Bxc3+ 7. bxc3 e4 8. Nd2 e3 9. fxe3 Nf6 10. c4 Qh5 11. Qb3 0-0 12. d5 Ne5 13. e4 Re8 14. Bb2 Qh6 15. g3 a5 16. Bg2 a4 17. Qc3 Ra6 18. h3 c6 19. 0-0-0 cxd5 20. exd5 Nxc4 21. Qxc4 Bf5 22. Bc3 Rb6 23. e4 Rc8 24. Qxc8+ Bxc8 25. Kc2 Qe3 26. g4 h5 27. e5 hxg4 28. Rde1 Bf5+ 29. Be4 Qxd2+ 30. Bxd2 Bxe4+ 31. Rxe4 Nxe4 32. Bb4 g3 33. Rg1 f5 34. d6 Rc6+ 35. Kd3 Nc5+ 36. Bxc5 Rxc5 37. Kd4 Rc2 38. Rxg3 Kf7 39. Rd3 Rc8 40. Ke3 Ke6 41. Kf4 g6 42. h4 b5 43. Kg5 Kxe5 44. Kxg6 Ke4 45. Rd1 f4 46. Kf6 f3 47. d7 Rh8 48. d8Q Rxd8 49. Rxd8 f2 50. Rd1 1-0

[Event "Wch U18"]
[Site "Kemer"]
[Date "2009.11.21"]
[Round "10"]
[White "Vastrukhin, Oleg"]
[Black "Sanchez Maya, Simon"]
[Result "1-0"]
[WhiteElo "2312"]
[BlackElo "2194"]
[PlyCount "85"]
[EventDate "2009.11.12"]
[EventType "swiss"]
[EventRounds "11"]
[EventCountry "TUR"]
[SourceTitle "EXT 2010"]
[Source "ChessBase"]
[SourceDate "2010.11.25"]
[SourceVersion "1"]
[SourceVersionDate "2010.11.25"]
[SourceQuality "1"]

1. e4 c5 2. Nc3 Nc6 3. Nge2 g6 4. d3 Bg7 5. Be3 d6 6. Qd2 e6 7. g3 Qa5 8. Bg2 Nd4 9. 0-0 Ne7 10. Nxd4 cxd4 11. Ne2 Qxd2 12. Bxd2 Bd7 13. Bb4 Nc8 14. f4 a5 15. Be1 Ne7 16. Bf2 Nc6 17. c3 dxc3 18. bxc3 b5 19. d4 0-0 20. Rfd1 Ne7 21. Rac1 Rfc8 22. g4 Rab8 23. Bh4 Kf8 24. e5 d5 25. Bf6 Rc4 26. Rd3 b4 27. cxb4 axb4 28. Rd2 Bb5 29. Rb1 Nc6 30. Rbd1 Na5 31. Rf1 Ra8 32. Re1 Rac8 33. Rb1 Bh6 34. g5 Bg7 35. Bf1 Bxf6 36. gxf6 Rb8 37. Kf2 Ba4 38. h4 Ke8 39. h5 Bd7 40. hxg6 hxg6 41. Bg2 Rc7 42. Rdb2 Rcb7 43. Rh1 1-0

[Event "Wch U18"]
[Site "Kemer"]
[Date "2009.11.18"]
[Round "7"]
[White "Sanchez Maya, Simon"]
[Black "Pasko, Llambi"]
[Result "1-0"]
[WhiteElo "2194"]
[BlackElo "2061"]
[PlyCount "107"]
[EventDate "2009.11.12"]
[EventType "swiss"]
[EventRounds "11"]
[EventCountry "TUR"]
[SourceTitle "EXT 2010"]
[Source "ChessBase"]
[SourceDate "2010.11.25"]
[SourceVersion "1"]
[SourceVersionDate "2010.11.25"]
[SourceQuality "1"]

1. e4 c6 2. d4 d5 3. exd5 cxd5 4. c4 Nf6 5. Nc3 e6 6. Bg5 Be7 7. Nf3 0-0 8. c5 b6 9. b4 a5 10. a3 Ne4 11. Nxe4 dxe4 12. Bxe7 Qxe7 13. Ne5 Bb7 14. Bb5 axb4 15. axb4 Na6 16. 0-0 Nxb4 17. c6 Rxa1 18. Qxa1 Bc8 19. Rc1 Nd5 20. Nd7 Rd8 21. Qa7 h5 22. h3 Qg5 23. Rc2 Nb4 24. c7 Nxc2 25. cxd8Q+ Qxd8 26. Ne5 Qf8 27. Qxb6 e3 28. f4 Nb4 29. Qb8 g6 30. g4 hxg4 31. Nxg4 Nd5 32. Bc4 f5 33. Ne5 Nxf4 34. Nc6 Nxh3+ 35. Kg2 Bd7 36. Kxh3 Bxc6 37. Bxe6+ Kg7 38. Qc7+ Kf6 39. Qxc6 Qh6+ 40. Kg2 Qg5+ 41. Kf3 Qg4+ 42. Kxe3 Qg1+ 43. Kd3 Qd1+ 44. Kc4 Qc1+ 45. Kd5 Qa3 46. Bd7+ Kg5 47. Qd6 Qa8+ 48. Ke6 Qg8+ 49. Ke7 Qg7+ 50. Kd8 Qf6+ 51. Qxf6+ Kxf6 52. Kc7 g5 53. d5 g4 54. d6 1-0

[Event "Wch U18"]
[Site "Kemer"]
[Date "2009.11.16"]
[Round "5"]
[White "Sanchez Maya, Simon"]
[Black "Janev, Pavel"]
[Result "0-1"]
[WhiteElo "2194"]
[BlackElo "1990"]
[PlyCount "75"]
[EventDate "2009.11.12"]
[EventType "swiss"]
[EventRounds "11"]
[EventCountry "TUR"]
[SourceTitle "EXT 2010"]
[Source "ChessBase"]
[SourceDate "2010.11.25"]
[SourceVersion "1"]
[SourceVersionDate "2010.11.25"]
[SourceQuality "1"]

1. d4 Nf6 2. Nc3 d5 3. Bg5 c5 4. e4 cxd4 5. Qxd4 Nc6 6. Bb5 Bd7 7. Bxc6 bxc6 8. Bxf6 gxf6 9. exd5 cxd5 10. Nxd5 Bg7 11. Rd1 0-0 12. Ne3 Be6 13. Qxd8 Rfxd8 14. b3 f5 15. Ne2 Be5 16. g3 Rxd1+ 17. Kxd1 Bc8 18. Kc1 e6 19. Rd1 Bb7 20. Nf4 a5 21. a4 Rc8 22. Nc4 Be4 23. Rd7 Bg7 24. Ra7 Bd4 25. Rxa5 Bxf2 26. Nd3 Bg1 27. h3 Bh2 28. g4 f4 29. Rg5+ Kf8 30. Kd2 Rd8 31. a5 f5 32. gxf5 exf5 33. b4 Kf7 34. b5 f3 35. Ke3 Kf6 36. h4 h6 37. b6 hxg5 38. hxg5+ 0-1

[Event "Pan American-ch U18"]
[Site "Mar del Plata"]
[Date "2009.08.20"]
[Round "7"]
[White "Sanchez Maya, Simon"]
[Black "Colantonio, Mauro"]
[Result "1-0"]
[WhiteElo "2203"]
[BlackElo "1996"]
[PlyCount "47"]
[EventDate "2009.08.16"]
[EventType "swiss"]
[EventRounds "9"]
[EventCountry "ARG"]
[SourceTitle "EXT 2022"]
[Source "ChessBase"]
[SourceDate "2021.10.06"]
[SourceVersion "1"]
[SourceVersionDate "2021.10.06"]
[SourceQuality "1"]

1. e4 e6 2. Nf3 d5 3. e5 c5 4. b4 cxb4 5. d4 Ne7 6. a3 Nec6 7. axb4 Bxb4+ 8. c3 Be7 9. Bd3 Nd7 10. h4 Qc7 11. Ng5 Ndxe5 12. dxe5 Qxe5+ 13. Be3 Bb4 14. 0-0 Bd6 15. g3 Qf6 16. Nxh7 Qe7 17. Qh5 g6 18. Qh6 f5 19. Qxg6+ Kd7 20. Nf6+ Kc7 21. f4 Bd7 22. Re1 Be5 23. fxe5 Nxe5 24. Bf4 1-0

[Event "Pan American-ch U18"]
[Site "Mar del Plata"]
[Date "2009.08.17"]
[Round "2"]
[White "Valenzuela Gomez, Fernando Alberto"]
[Black "Sanchez Maya, Simon"]
[Result "1-0"]
[WhiteElo "2063"]
[BlackElo "2203"]
[PlyCount "55"]
[EventDate "2009.08.16"]
[EventType "swiss"]
[EventRounds "9"]
[EventCountry "ARG"]
[SourceTitle "EXT 2022"]
[Source "ChessBase"]
[SourceDate "2021.10.06"]
[SourceVersion "1"]
[SourceVersionDate "2021.10.06"]
[SourceQuality "1"]

1. e4 c5 2. Nf3 d6 3. d4 cxd4 4. Nxd4 Nf6 5. Nc3 a6 6. Be3 e6 7. Be2 Qc7 8. 0-0 b5 9. a4 b4 10. Na2 Nxe4 11. Nxb4 d5 12. Na2 Bd6 13. h3 f5 14. c4 e5 15. Nf3 d4 16. Bd2 Nxd2 17. Qxd2 Bb7 18. Rfd1 a5 19. c5 Qxc5 20. Rac1 Qb6 21. Bb5+ Bc6 22. Qc2 Bxb5 23. Qc8+ Qd8 24. Qe6+ Be7 25. Nxe5 Rf8 26. Rc8 Bd7 27. Rxd8+ Kxd8 28. Rxd4 1-0

[Event "Medellin GP Feria de Flores"]
[Site "Medellin"]
[Date "2009.08.05"]
[Round "6.1"]
[White "Sanchez Maya, Simon"]
[Black "Zapata Cuartas, Juan Carlos"]
[Result "1-0"]
[WhiteElo "2203"]
[BlackElo "2174"]
[PlyCount "41"]
[EventDate "2009.08.05"]
[EventType "swiss"]
[EventRounds "9"]
[EventCountry "COL"]
[SourceTitle "EXT 2024"]
[Source "ChessBase"]
[SourceDate "2023.10.10"]
[SourceVersion "1"]
[SourceVersionDate "2023.10.10"]
[SourceQuality "1"]

1. e4 c5 2. d4 cxd4 3. c3 d5 4. exd5 Qxd5 5. cxd4 Nc6 6. Nf3 e6 7. Nc3 Qd6 8. Bd3 Nf6 9. 0-0 Be7 10. Re1 0-0 11. Bg5 Rd8 12. Qe2 Nxd4 13. Nxd4 Qxd4 14. Rad1 Qb6 15. Ne4 Nd5 16. Qh5 h6 17. Bxh6 gxh6 18. Qxh6 e5 19. Nd6 e4 20. Rxe4 Nf6 21. Rh4 1-0

[Event "Central America Carribean-ch U20"]
[Site "Medellin"]
[Date "2009.08.03"]
[Round "7"]
[White "Martinez Romero, Martin"]
[Black "Sanchez Maya, Simon"]
[Result "1-0"]
[WhiteElo "2135"]
[BlackElo "2203"]
[PlyCount "59"]
[EventDate "2009.07.30"]
[EventType "swiss"]
[EventRounds "9"]
[EventCountry "COL"]
[SourceTitle "CBM 131 Extra"]
[Source "ChessBase"]
[SourceDate "2009.09.03"]
[SourceVersion "2"]
[SourceVersionDate "2009.09.16"]
[SourceQuality "1"]

1. e4 c5 2. Nf3 d6 3. d4 cxd4 4. Nxd4 Nf6 5. Nc3 a6 6. Bc4 e6 7. Bb3 b5 8. f4 Be7 9. 0-0 0-0 10. f5 b4 11. Na4 e5 12. Ne2 Bb7 13. Be3 Nbd7 14. Bd5 Nxd5 15. exd5 Qa5 16. c4 bxc3 17. Nexc3 Rac8 18. Qb3 Ba8 19. Rad1 Rb8 20. Qc2 Nf6 21. Bg5 Rfc8 22. Qe2 Bxd5 23. Nxd5 Nxd5 24. Bxe7 Nxe7 25. f6 Qxa4 26. fxe7 Qc6 27. Qg4 Rxb2 28. Rc1 Rc2 29. Qxc8+ Qxc8 30. Rxc2 1-0

[Event "Central America Carribean-ch U20"]
[Site "Medellin"]
[Date "2009.08.02"]
[Round "6"]
[White "Sanchez Maya, Simon"]
[Black "Arenas Vanegas, David"]
[Result "0-1"]
[WhiteElo "2203"]
[BlackElo "2266"]
[PlyCount "44"]
[EventDate "2009.07.30"]
[EventType "swiss"]
[EventRounds "9"]
[EventCountry "COL"]
[SourceTitle "CBM 131 Extra"]
[Source "ChessBase"]
[SourceDate "2009.09.03"]
[SourceVersion "2"]
[SourceVersionDate "2009.09.16"]
[SourceQuality "1"]

1. e4 c5 2. d4 cxd4 3. c3 dxc3 4. Nxc3 Nc6 5. Nf3 d6 6. Bc4 a6 7. 0-0 Nf6 8. Bg5 e6 9. Qe2 h6 10. Bh4 g5 11. Bg3 Nh5 12. Rfd1 Nxg3 13. hxg3 g4 14. Nd4 Ne5 15. Rac1 Bd7 16. Bb3 Rc8 17. Nc2 Qg5 18. Ne3 h5 19. Na4 Rxc1 20. Rxc1 Bc6 21. Rd1 h4 22. Nb6 h3 0-1

[Event "Central America Carribean-ch U20"]
[Site "Medellin"]
[Date "2009.07.30"]
[Round "1"]
[White "Duran, Fabian Alberto"]
[Black "Sanchez Maya, Simon"]
[Result "0-1"]
[WhiteElo "1799"]
[BlackElo "2203"]
[PlyCount "60"]
[EventDate "2009.07.30"]
[EventType "swiss"]
[EventRounds "9"]
[EventCountry "COL"]
[SourceTitle "CBM 131 Extra"]
[Source "ChessBase"]
[SourceDate "2009.09.03"]
[SourceVersion "2"]
[SourceVersionDate "2009.09.16"]
[SourceQuality "1"]

1. e4 c5 2. Nf3 d6 3. d4 cxd4 4. Nxd4 Nf6 5. Nc3 a6 6. Bg5 e6 7. f4 Be7 8. Qf3 Nbd7 9. g4 Qc7 10. 0-0-0 b5 11. Bxf6 Bxf6 12. g5 Be7 13. f5 Nc5 14. f6 gxf6 15. gxf6 Bf8 16. Rg1 b4 17. Nd5 exd5 18. exd5 Bd7 19. Re1+ Kd8 20. Rg7 b3 21. axb3 Qa5 22. Qe3 Bxg7 23. fxg7 Rg8 24. Nc6+ Bxc6 25. Qe7+ Kc8 26. dxc6 Ra7 27. Bh3+ Ne6 28. Bxe6+ fxe6 29. Qxe6+ Kc7 30. b4 Qg5+ 0-1

[Event "COL-ch sf"]
[Site "Buga"]
[Date "2009.05.31"]
[Round "3.1"]
[White "Zuluaga Mancilla, Cesar"]
[Black "Sanchez Maya, Simon"]
[Result "1/2-1/2"]
[WhiteElo "2314"]
[BlackElo "2164"]
[PlyCount "95"]
[EventDate "2009.05.30"]
[EventType "swiss"]
[EventRounds "7"]
[EventCountry "COL"]
[SourceTitle "EXT 2024"]
[Source "ChessBase"]
[SourceDate "2023.10.10"]
[SourceVersion "1"]
[SourceVersionDate "2023.10.10"]
[SourceQuality "1"]

1. d4 d5 2. Nf3 Nc6 3. c4 e5 4. e3 exd4 5. Nxd4 Nxd4 6. Qxd4 Be6 7. cxd5 Qxd5 8. Qxd5 Bxd5 9. Nc3 Be6 10. e4 Bc5 11. Be2 0-0-0 12. 0-0 Ne7 13. Na4 Bd4 14. Bf4 Ng6 15. Bg3 Be5 16. Bxe5 Nxe5 17. f4 Rd2 18. Rf2 Nd3 19. Bxd3 Rxd3 20. Nc5 Rd4 21. Nxe6 fxe6 22. Re1 Kd7 23. h3 Ke7 24. f5 Rhd8 25. Re3 Rd3 26. Ree2 R8d4 27. Kh2 c5 28. g4 b5 29. Kg2 c4 30. e5 b4 31. fxe6 Kxe6 32. Rf8 Rd8 33. Rf4 Rc8 34. Rc2 Kxe5 35. Rf5+ Ke6 36. Rf4 c3 37. Rxb4 Rd2+ 38. Rxd2 cxd2 39. Rd4 Rc2 40. Kf3 Rxb2 41. a4 Rb3+ 42. Kg2 Ra3 43. Rxd2 Rxa4 44. Rb2 Kf6 45. Rb7 h6 46. Kg3 Ra3+ 47. Kg2 a5 48. Rb5 1/2-1/2